Statistics for Musical Acts by Letter - U

Click here to take the quiz!

General Stats

  • This quiz has been taken 62 times
  • The average score is 3 of 11

Answer Stats

Years ActiveCountrySongsBand or Artist% Correct
1978-IrelandI Still Haven't Found What I'm Looking For | DiscothequeU2
91%
1978-United KingdomCan't Help Falling In Love | Red Red WineUB40
72%
1997-USAThere Goes My Baby | You Make Me WannaUsher
40%
1978-1981IrelandTeenage Kicks | It's Going to HappenThe Undertones
28%
1991-1992United KingdomWhat Can You Do For Me | Something GoodUtah Saints
11%
1991-1992USAEverything About You | MadmanUgly Kid Joe
9%
1970-1983United KingdomDoctor Doctor | We Belong To The NightUFO
8%
2002-USAFace My Fears | Simple and CleanUtada Hikaru
6%
2002-USAAngel Below | Sink With YouUnderoath
4%
2000-2012USASmile | My HometownUncle Kracker
2%
2013-2014United KingdomAmaze Me | You Got It AllUnion J
2%

Score Distribution

Percentile by Number Answered

Percent of People with Each Score

Your Score History

You have not taken this quiz